UBT Library

MENAXHIMI BANKAR DHE REGULATIVA (Record no. 58599)

000 -LEADER
fixed length control field 00334nam a22001457a 4500
008 - FIXED-LENGTH DATA ELEMENTS--GENERAL INFORMATION
fixed length control field 221018b ||||| |||| 00| 0 eng d
020 ## - INTERNATIONAL STANDARD BOOK NUMBER
International Standard Book Number 9789951277259
041 ## - LANGUAGE CODE
Language code of text/sound track or separate title eng
080 ## - UNIVERSAL DECIMAL CLASSIFICATION NUMBER
Universal Decimal Classification number 330.72
082 ## - DEWEY DECIMAL CLASSIFICATION NUMBER
Classification number 330.72 KAS
100 ## - Rafti
Rafti 23.2
101 ## - Shkurtesa
Shkurtesa MENA
245 ## - TITLE STATEMENT
Title MENAXHIMI BANKAR DHE REGULATIVA
Statement of responsibility, etc KASTRATI A
942 ## - ADDED ENTRY ELEMENTS (KOHA)
Source of classification or shelving scheme
Item type Books
Holdings
Withdrawn status Lost status Source of classification or shelving scheme Damaged status Not for loan Collection code Permanent location Current location Date acquired Total Checkouts Full call number Barcode Date last seen Price effective from Koha item type
          Koleksioni i përgjithshem UBT - Lipjan UBT - Lipjan 10/18/2022   330.72 KAS 002-800028700260199 10/18/2022 10/18/2022 Books
          Koleksioni i përgjithshem UBT - Lipjan UBT - Lipjan 10/18/2022   330.72 KAS 002-800028700260204 10/18/2022 10/18/2022 Books
UBT Library © 2015-2024. All rights reserved University Education for Business and Technology